<?xml version="1.0" encoding="UTF-8"?>
<marc:record xmlns:marc="http://www.loc.gov/MARC21/slim">
   <marc:leader>00000nam a2200000 a 4500</marc:leader>
   <marc:datafield ind1="1" ind2=" " tag="100">
      <marc:subfield code="a">Ammerer, Karin</marc:subfield>
      <marc:subfield code="4">aut</marc:subfield>
      <marc:subfield code="e">Verfasser/-in</marc:subfield>
   </marc:datafield>
   <marc:datafield ind1=" " ind2=" " tag="653">
      <marc:subfield code="a">Antolin</marc:subfield>
   </marc:datafield>
   <marc:datafield ind1=" " ind2=" " tag="653">
      <marc:subfield code="a">Klasse-2</marc:subfield>
   </marc:datafield>
   <marc:datafield ind1=" " ind2=" " tag="653">
      <marc:subfield code="a">LESEZUG/2. Klasse-- Lesestufe 2</marc:subfield>
   </marc:datafield>
   <marc:datafield ind1="0" ind2="0" tag="245">
      <marc:subfield code="a">Wasser marsch! Einsatz für die Feuerwehr</marc:subfield>
   </marc:datafield>
   <marc:datafield ind1=" " ind2="1" tag="264">
      <marc:subfield code="b">G&amp;G</marc:subfield>
      <marc:subfield code="c">2025</marc:subfield>
   </marc:datafield>
   <marc:datafield ind1="1" ind2=" " tag="490">
      <marc:subfield code="a">Lesezug</marc:subfield>
   </marc:datafield>
   <marc:datafield ind1="1" ind2=" " tag="520">
      <marc:subfield code="a">Florian weiß: Irgendwann möchte er ein waschechter Feuerwehrmann sein. Seine beste Freundin Mia kennt die aufregendsten Feuerwehrgeschichten und erzählt gerne von den Einsätzen ihres Papas. Als eines Tages im Stall der Familie Höller ein Feuer ausbricht, weiß Flo ganz genau, was zu tun ist!

Dieses Buch ist speziell auf die Lesekompetenz junger Leser abgestimmt. Der G&amp;G Lesezug unterstützen Kinder mit klar strukturierten Texten, verständlichem Wortschatz und altersgerechten Geschichten.</marc:subfield>
   </marc:datafield>
   <marc:datafield ind1=" " ind2=" " tag="020">
      <marc:subfield code="a">9783707426694</marc:subfield>
      <marc:subfield code="9">9783707426694</marc:subfield>
   </marc:datafield>
</marc:record>
